000 00308nam a2200133Ia 4500
100 _aKumbhojkar / G.V
650 _aApplied mathematics
942 _cBK
245 _aApplied Mathematics IV Production
260 _bC.Jamnadas and Co.
082 _a519
_bKUM
546 _aENGLISH
_cproduction
999 _c25533
_d25533